Liquid Smooth lyrics - Mitski - Statistics

General Stats
  • This quiz has been taken 989 times
  • The average score is 157 of 187
Answer Stats
Answer % Correct
I
100%
I'm
99%
liquid
98%
smooth
97%
to
97%
me
96%
touch
96%
come
95%
my
94%
too
94%
an
93%
is
90%
and
88%
feel
88%
of
87%
the
87%
it
85%
or
85%
skin
85%
full
84%
in
84%
am
83%
life
83%
prime
83%
this
83%
with
83%
beautiful
82%
it's
82%
know
82%
all
81%
do
81%
fall
81%
season
81%
about
80%
at
80%
what
80%
cause
79%
beauty
78%
but
78%
organism
78%
highest
76%
biology
75%
peak
75%
plump
75%
that
75%
ripe
74%
capture
73%
chemical
73%
take
69%
picture
68%
that's
66%
least
64%
blood
62%
through
58%
red
57%
veins
57%
rushing
55%
living
53%
pulsing
52%
how
51%
river
51%
beginning
50%
else
50%
end
50%
go
50%
unafraid
50%
nowhere
46%
circles
42%
round
36%
yuku
20%
Kuzurete
16%
maeni
14%
No matching quizzes found
Score Distribution
Percent of People with Each Score
Percentile by Number Answered
Your Score History
You have not taken this quiz